| 000 | 00573nam a2200193 a 4500 | ||
|---|---|---|---|
| 005 | 20140310183340.0 | ||
| 008 | 061129s19uu xx 00 eng d | ||
| 020 | _a9718581952 | ||
| 050 |
_aHV 7936.R53 _b.So68 2005 |
||
| 100 | _aSoriano, Oscar Gathalian. | ||
| 245 |
_aBasic police report writing / _cOscar Gathalian Soriano. |
||
| 260 |
_aQuezon City, Philippines : _bGreat Books Publishing, _c2005. |
||
| 300 |
_a149 p. : _c23 cm. |
||
| 521 | _aMC | ||
| 650 |
_aPolice reports _xAuthorship. |
||
| 650 | _aReport writing. | ||
| 942 |
_cBK _2lcc _kLOC |
||
| 999 |
_c21782 _d21782 |
||